Srdcom si svietim

Bibliographic Details
Main Author: Balák, Štefan, 1944-2014 (Author)
Other Authors: Mravec, Milan, 1938-2004 (Illustrator)
Format: Book
Language:Slovak
PhysicalDescription:64 s. ilustr. 16 cm
Published: Námestovo Malé vydavateľstvo poézie 1994
ISBN:8085705044
Edition:1. vyd.
Subjects:

MARC

LEADER 00000cam a2200000 a 4500
001 vtls001075946
003 SK-MaSNL
005 20260407142625.0
008 250414s1994 xo a gr 0000pdslo
015 |a SNBA1994/04 
020 |a 8085705044  |q (brož.) 
035 |a SNK000018779 
035 |a urn:nbn:sk:snk-amjb0a 
035 |a urn:nbn:sk:snk-am003mn2 
035 |a 532B07A5-3542-4DA9-BF13-D58620261BBF 
040 |a SNK  |b slo  |c SNK  |e AACR2 
041 0 |a slo 
044 |a xo  |c SK 
072 7 |a 821.162.4-1   |x Slovenská poézia   |2 konspekt 
080 |a 885.4-1  |2 1981 
080 |a 821.162.4-1  |2 2011 
080 |a 82‑14   |2 2011 
080 |a (0:82-14)   |2 2001 
100 1 |a Balák, Štefan,  |d 1944-2014  |4 aut  |9 102338 
245 1 0 |a Srdcom si svietim  |c Štefan Balák ; [ilustroval Milan Mravec] 
250 |a 1. vyd. 
260 |a Námestovo  |b Malé vydavateľstvo poézie  |c 1994 
300 |a 64 s.  |b ilustr.  |c 16 cm 
500 |a Ilustrácie na frontispice. Obsahuje biografické údaje o autorovi 
655 7 |a slovenská poézia  |2 SNKPH  |9 70444 
655 7 |a lyrická poézia  |2 SNKPH  |9 70613 
700 1 |a Mravec, Milan,  |d 1938-2004  |4 ill  |9 108969 
850 |a Slovenská národná knižnica 
852 |a Slovenská národná knižnica 
919 |a 80-85705-04-4 
954 |a beletria pôvodná (slovenská)  |2 lita 
958 |a RK 
958 |a TL 
958 |a LX 
958 |a OND 
999 |c 705404  |d 707334 
952 |t P60, <04>, [BOOK], {604}  |a SNK  |b SNK  |y VYP  |7 0  |p 17A0346134  |o snkSD 66506 D1  |i snkKSP 7288/94  |0 0  |1 0  |4 0  |d 2002-06-18  |f 1  |l 0  |r 2004-12-31 00:00:00  |w 2026-02-23 
952 |a SNK  |b SNK  |y PREZ  |7 0  |p 17A1020834  |o snkSD 66506   |0 0  |1 0  |4 0  |d 2013-07-17  |l 0  |r 2026-02-23 21:13:54  |w 2026-02-23